000 01668nam a2200349 i 4500
001 190648
003 ES-MaACL
005 20260311121453.0
008 220301s2018 sp ab 001 0 spa
020 _a978-84-09-03427-7
080 _a26-722.7(460.18-89)(091)
080 _a26-768(460.18-89)-051(091)
100 1 _aCarrete Parrondo, Carlos.
_935709
245 1 0 _aObra antológica de Carlos Carrete Parrondo :
_binvestigaciones sobre el pasado judío y converso hispanomedieval /
_cRicardo Muñoz Solla, Mª Fuencisla García Casar (coordinadores).
260 _aBéjar (Salamanca) :
_bMuseo Judío David Melul,
_c2018.
300 _a987 p., [1] h. de lám. col. :
_bil., mapas, 1 plano ;
_c24 cm.
500 _aÍndice disponible en Dialnet.
504 _aReferencias bibliográficas.
505 8 _aContiene: Artículos y capítulos de libros en colaboración . Artículos y capítulos de libros . Sobre fray Luis de león
546 _aTexto en español e inglés.
599 _aLám.: retr. de Carlos Carrete Parrondo
600 1 4 _aLeón, Luis de,
_d1527-1591
_971583
650 4 _aJudíos-
_zCastilla (Reino)
_913977
650 7 _aJudeoconversos-
_zEspaña-
_vHistoria
_9158167
700 1 _aMuñoz Solla, Ricardo.
_9174261
700 1 _aGarcía Casar, María Fuencisla.
_9174262
852 4 _aES-MaACL
_jA-14916
_9197827
_bR.152341
_cDEPO1
_dOlim: N-7916
_hDonación: Editorial
856 4 _uhttps://dialnet.unirioja.es/servlet/libro?codigo=721713&utm_source=catalogo.bne.es&utm_medium=libro&utm_campaign=Dialnet_Widgets
_yÍndice (Dialnet)
942 _2udc
_cMONOGRAFIA
999 _c190648
_d190648